| 000 | 00565nam a22001937a 4500 | ||
|---|---|---|---|
| 001 | 5664 | ||
| 003 | BD-RjUL | ||
| 005 | 20211208234115.0 | ||
| 008 | 140106s1971 ii ||||| |||| 00| 0 eng d | ||
| 035 | _a(BD-RjUL)5703 | ||
| 040 |
_aBD-RjUL _beng _cBD-RjUL _dBD-RjUL |
||
| 041 | _aeng | ||
| 082 |
_a338.75 PAP _b1971 |
||
| 100 |
_aParanjpe .H K , _917795 |
||
| 245 | _aPerformance of public enterprises : papers read at the Indian Economic Conference, Gauhati, 1970 / | ||
| 260 |
_aBombay : _bPopular Prakashan, _c1971. |
||
| 300 |
_a76p.: _b; _c26cm |
||
| 942 |
_2ddc _cBK |
||
| 999 |
_c5664 _d5664 |
||